[Event "Stay Safe Play From Home 379"]
[Site "Emanuel Lasker Arena"]
[Date "2020.08.13"]
[Round "8"]
[White "Mamba2001de"]
[Black "Haris kollari 13"]
[Result "0-1"]
[WhiteElo "1442"]
[BlackElo "1676"]
[Annotator "NA"]
[PlyCount "116"]
[EventDate "2020.08.13"]
[EventType "swiss (blitz)"]

1. e4 {[%emt 0:00:01]} e6 {[%emt 0:00:00]} 2. Nf3 {[%emt 0:00:01]} d5 {[%emt 0:00:00]} 3. exd5 {[%emt 0:00:01]} exd5 {[%emt 0:00:00]} 4. d4 {[%emt 0:00:00]} c6 {[%emt 0:00:00]} 5. Be2 {[%emt 0:00:01]} Bg4 {[%emt 0:00:01]} 6. O-O {[%emt 0:00:01]} Nf6 {[%emt 0:00:01]} 7. h3 {[%emt 0:00:01]} Bh5 {[%emt 0:00:01]} 8. Be3 {[%emt 0:00:01]} Bd6 {[%emt 0:00:02]} 9. Nbd2 {[%emt 0:00:01]} O-O {[%emt 0:00:01]} 10. c4 {[%emt 0:00:01]} Re8 {[%emt 0:00:02]} 11. cxd5 {[%emt 0:00:01]} Nxd5 {[%emt 0:00:02]} 12. Nb3 {[%emt 0:00:01]} Nxe3 {[%emt 0:00:01]} 13. fxe3 {[%emt 0:00:01]} Rxe3 {[%emt 0:00:01]} 14. Nc5 {[%emt 0:00:01]} Bxc5 {[%emt 0:00:02]} 15. dxc5 {[%emt 0:00:02]} Qxd1 {[%emt 0:00:04]} 16. Bxd1 {[%emt 0:00:02]} Na6 {[%emt 0:00:01]} 17. Bb3 {[%emt 0:00:02]} Bxf3 {[%emt 0:00:03]} 18. Rxf3 {[%emt 0:00:02]} Rxf3 {[%emt 0:00:01]} 19. gxf3 {[%emt 0:00:01]} Nxc5 {[%emt 0:00:00]} 20. Rd1 {[%emt 0:00:03]} Kf8 {[%emt 0:00:01]} 21. Bc4 {[%emt 0:00:02]} Re8 {[%emt 0:00:01]} 22. Kf2 {[%emt 0:00:02]} Re7 {[%emt 0:00:01]} 23. Rd8+ {[%emt 0:00:02]} Re8 {[%emt 0:00:01]} 24. Rxe8+ {[%emt 0:00:01]} Kxe8 {[%emt 0:00:01]} 25. Ke3 {[%emt 0:00:00]} Ke7 {[%emt 0:00:01]} 26. Kd4 {[%emt 0:00:01]} Ne6+ {[%emt 0:00:01]} 27. Ke3 {[%emt 0:00:01]} Ng5 {[%emt 0:00:01]} 28. h4 {[%emt 0:00:01]} Ne6 {[%emt 0:00:01]} 29. Ke4 {[%emt 0:00:02]} b5 {[%emt 0:00:01]} 30. Be2 {[%emt 0:00:03]} a5 {[%emt 0:00:01]} 31. Kd3 {[%emt 0:00:03]} Kd6 {[%emt 0:00:01]} 32. Kc3 {[%emt 0:00:02]} Nf4 {[%emt 0:00:01]} 33. Kd2 {[%emt 0:00:00]} Nxe2 {[%emt 0:00:01]} 34. Kxe2 {[%emt 0:00:01]} Ke5 {[%emt 0:00:00]} 35. Kd3 {[%emt 0:00:00]} f6 {[%emt 0:00:01]} 36. Ke2 {[%emt 0:00:00]} Kf4 {[%emt 0:00:01]} 37. Kf2 {[%emt 0:00:01]} g5 {[%emt 0:00:01]} 38. hxg5 {[%emt 0:00:01]} fxg5 {[%emt 0:00:00]} 39. Kg2 {[%emt 0:00:00]} h5 {[%emt 0:00:00]} 40. Kf2 {[%emt 0:00:02]} g4 {[%emt 0:00:00]} 41. fxg4 {[%emt 0:00:01]} hxg4 {[%emt 0:00:00]} 42. Kg2 {[%emt 0:00:01]} Ke3 {[%emt 0:00:01]} 43. Kg3 {[%emt 0:00:01]} Kd2 {[%emt 0:00:00]} 44. Kxg4 {[%emt 0:00:00]} Kc2 {[%emt 0:00:00]} 45. Kf5 {[%emt 0:00:00]} Kxb2 {[%emt 0:00:00]} 46. Ke6 {[%emt 0:00:00]} Kxa2 {[%emt 0:00:00]} 47. Kd6 {[%emt 0:00:00]} b4 {[%emt 0:00:00]} 48. Kxc6 {[%emt 0:00:01]} b3 {[%emt 0:00:00]} 49. Kc5 {[%emt 0:00:00]} b2 {[%emt 0:00:00]} 50. Kc4 {[%emt 0:00:00]} b1=Q {[%emt 0:00:00]} 51. Kc3 {[%emt 0:00:01]} a4 {[%emt 0:00:00]} 52. Kc4 {[%emt 0:00:01]} a3 {[%emt 0:00:00]} 53. Kc3 {[%emt 0:00:00]} Qb3+ {[%emt 0:00:01]} 54. Kd4 {[%emt 0:00:01]} Kb2 {[%emt 0:00:00]} 55. Kc5 {[%emt 0:00:01]} a2 {[%emt 0:00:00]} 56. Kd6 {[%emt 0:00:00]} a1=Q {[%emt 0:00:00]} 57. Kd7 {[%emt 0:00:02]} Qad1+ {[%emt 0:00:00]} 58. Kc6 {[%emt 0:00:01]} Qe3 {[%emt 0:00:01] Zeit Zeit Zeit (Lag: Av=0.42s, max=0.7s) (Lag: Av=0.42s, max=0.7s) (Lag: Av=0.42s, max=0.7s)} 0-1

[Event "Stay Safe Play From Home 379"]
[Site "Emanuel Lasker Arena"]
[Date "2020.08.13"]
[Round "8"]
[White "Klasman"]
[Black "Hickey"]
[Result "0-1"]
[WhiteElo "1295"]
[BlackElo "2113"]
[Annotator "TA"]
[PlyCount "62"]
[EventDate "2020.08.13"]
[EventType "swiss (blitz)"]

{[%evp 9,62,-10,-2,1,10,-21,35,29,59,36,99,32,51,55,45,7,8,-2,0,0,27,-71,23,11,25,-84,-93,-428,-36,-288,-63,-282,-200,-356,-343,-475,-173,-125,-114,-131,-123,-179,-172,-164,-75,-76,-40,-53,-26,-19,0,0,0,0,8]} 1. f4 d6 2. e3 g6 3. d4 Bg7 4. Nf3 Nf6 5. c4 O-O 6. Nc3 {A45: Trompowsky Attack.} Bg4 {[#]} 7. Bd3 $146 ({Predecessor:} 7. Be2 Nc6 8. O-O Qe8 9. Nb5 Qc8 10. d5 Nd8 11. Nfd4 Bxe2 12. Qxe2 c5 13. Nf3 {0-1 (60) Thomas,R (1719)-Van Kemenade,R (1982) Merthyr Tydfil 2018}) 7... Bxf3 (7... e5 $11) 8. Qxf3 $14 {White is slightly better.} c6 9. Bd2 Nbd7 (9... e5 $14) 10. O-O (10. g4 $16) 10... Qc7 11. g4 e5 12. fxe5 dxe5 13. g5 Nh5 14. d5 $1 Rae8 15. e4 (15. Ne4 $11) 15... Nc5 ({Black should try} 15... f6 $17) 16. Bc2 $11 Nf4 17. Bxf4 (17. b4 $11 Na6 18. a3) 17... exf4 $17 18. Qxf4 $2 {[%mdl 8192] [#]} (18. Rab1 $17 {is a better chance.}) 18... Be5 $2 (18... Qb6 $1 $19 19. Kh1 Qxb2 {[%mdl 64] Double Attack}) 19. Qf3 $2 {[%mdl 8192]} (19. Qe3 $15 Qb6 20. Rab1) 19... a5 $2 ({Less strong is} 19... Bxh2+ 20. Kh1 $17) (19... Qb6 $19 20. Rab1 Nxe4+ {[%mdl 64] Discovered Attack} 21. Kg2 Nd2 {[%mdl 64] Double Attack}) 20. h4 $2 (20. Qg2 $15) 20... f6 {Strongly threatening ...Qb6.} 21. h5 $2 (21. Kg2) 21... fxg5 $19 22. Qh3 Bd4+ $2 (22... Qb6 23. hxg6 hxg6) 23. Kh1 Rf4 24. Rxf4 gxf4 25. hxg6 (25. Ne2 $17 Be5 26. Rg1) 25... hxg6 {[#] And now ...Re7 would win.} 26. Qh6 Qh7 (26... Qg7 $19 27. Qxg7+ Kxg7) 27. Qxh7+ $17 Kxh7 28. Rf1 Bxc3 29. bxc3 Nxe4 {The position is equal.} 30. Bxe4 Rxe4 31. d6 {Black must now prevent d7.} Re8 {[%mdl 32768] Accuracy: White = 28%, Black = 35%. . Loss on time!?} 0-1

[Event "Stay Safe Play From Home 379"]
[Site "Emanuel Lasker Arena"]
[Date "2020.08.13"]
[Round "9"]
[White "AChessPlayer"]
[Black "Stefanone"]
[Result "1-0"]
[WhiteElo "2493"]
[BlackElo "1981"]
[Annotator "TA"]
[PlyCount "105"]
[EventDate "2020.08.13"]
[EventType "swiss (blitz)"]

{[%evp 10,105,7,2,15,6,23,18,26,18,21,10,15,14,9,0,8,6,56,63,51,6,126,70,71,64,112,89,119,119,142,121,129,118,164,82,130,102,104,105,94,58,136,141,205,205,205,205,206,206,204,203,259,192,191,156,259,204,245,233,312,325,547,278,277,248,237,251,493,410,424,423,408,408,536,581,573,567,561,563,556,552,593,414,781,752,1288,1245,1377,1185,4627,4627,4627,4627,4134,3058,2801,2410]} 1. Nf3 e6 2. g3 d5 3. Bg2 b6 4. O-O Bb7 5. d4 Nf6 6. Nbd2 c5 {D02: 1 d4 d5 2 Nf3 sidelines, including 2...Nf6 3 g3 and 2...Nf6 3 Bf4.} 7. b3 {[#]} cxd4 $146 ({Predecessor:} 7... Nbd7 8. Bb2 Be7 9. c4 dxc4 10. Nxc4 O-O 11. dxc5 Nxc5 12. Nfe5 Bxg2 13. Kxg2 Qxd1 14. Raxd1 Rac8 15. b4 Na4 16. Ba3 Nd5 17. b5 Bxa3 18. Nxa3 Rc7 19. Rc1 Rfc8 20. Rxc7 Rxc7 {0-1 (47) Nguyen,C-Hoang,M Vung Tau 2004}) 8. Nxd4 Nc6 {The position is equal.} 9. Nxc6 Bxc6 10. Nf3 Bb7 11. Bb2 Bd6 12. Ne5 O-O 13. c4 Bxe5 (13... Qb8 {with more complications.} 14. Nf3 dxc4 15. Bxf6 gxf6 16. Qd4 Be7) 14. Bxe5 Rc8 15. Bxf6 gxf6 (15... Qxf6 $11 {keeps the balance.} 16. cxd5 exd5) 16. cxd5 (16. e3 $16) 16... Bxd5 $14 17. Bxd5 exd5 18. Qd4 Qd6 19. Rfd1 Rcd8 20. Rac1 Qe6 21. Qf4 Qe5 22. Qf3 (22. Qg4+ $18 Kh8 23. e3) 22... Rfe8 23. Rd2 d4 24. Rcd1 Rd6 25. e3 Red8 ({Black should try} 25... dxe3 $14 26. Rxd6 e2) 26. Qg4+ $16 Qg5 (26... Kf8 $16) 27. Qxg5+ $18 ({Don't play} 27. Rxd4 Rxd4 28. Rxd4 Rxd4 $16) 27... fxg5 28. Rxd4 Rxd4 29. Rxd4 {[%mdl 4096] Endgame KR-KR} Rc8 30. Rd7 Ra8 31. Rb7 Kg7 32. f4 Kf6 (32... g4 $16 {might work better.} 33. e4 h5) 33. Kf2 g4 {[#]} 34. e4 $1 h5 35. Ke3 Ke6 $2 (35... Rc8 {was worth a try.} 36. e5+ (36. Rxa7 Rc3+ 37. Kd2 Rf3 $18) 36... Ke6 37. Rxa7 Rc2) 36. e5 f6 37. Ke4 {[%csl Ge4][%cal Rf4f5]} f5+ 38. Ke3 Kd5 $2 {[#]} (38... h4 39. Rh7 (39. gxh4 Rh8 $16) 39... hxg3) 39. Rh7 Rc8 40. Rxh5 Rc3+ 41. Kd2 Rf3 42. Rxf5 Rf2+ 43. Kd3 Rxh2 44. Rg5 Rxa2 45. Rxg4 Rg2 46. Kc3 a6 (46... a5 $142 47. Rg6 b5) 47. Rg6 {White is clearly winning.} Ke4 48. Rxb6 Rxg3+ 49. Kb4 Rg8 50. Rxa6 Rb8+ 51. Ka4 Rc8 52. b4 Rc2 53. e6 {Accuracy: White = 73%, Black = 39%.} 1-0

[Event "Stay Safe Play From Home 379"]
[Site "Emanuel Lasker Arena"]
[Date "2020.08.13"]
[Round "9"]
[White "Mepe_Nika"]
[Black "Yuriko"]
[Result "0-1"]
[WhiteElo "2324"]
[BlackElo "2018"]
[Annotator "TA"]
[PlyCount "146"]
[EventDate "2020.08.13"]
[EventType "swiss (blitz)"]

{[%evp 18,146,55,42,53,4,8,9,11,5,12,8,27,-16,-13,-45,-6,-186,8,0,8,0,0,-21,24,-486,-485,-790,-440,-560,-454,-568,-419,-577,-452,-437,-429,-462,-464,-564,-495,-511,-462,-610,-610,-703,-665,-714,-723,-675,-414,-588,-502,-616,-500,-550,-531,-581,-566,-557,-458,-444,0,-580,-577,-547,-527,-1749,-698,-644,-280,-880,-859,-29970,-678,-1268,-921,-2087,-2061,-2085,-1088,-5443,-5443,-29965,-790,-1335,0,-29971,-29974,-29987,-29988,-29988,-29989,-29989,-29969,-29988,-29984,-29982,-29974,-29987,-29978,-29991,0,-29983,-29984,-29983,-29984,-29987,-29988,-29988,-29987,-29988,-29986,-29985,-29985,-29987,-29987,-29987,-29988,-29988,-29988,-29989,-29988,-29988,-29988,-29989,-29989,-29989,-29990,-29990,-29991]} 1. g3 d5 2. Bg2 c5 3. Nf3 Nf6 4. O-O Nc6 5. d4 e6 6. c4 cxd4 7. Nxd4 Be7 8. cxd5 exd5 9. Nc3 O-O 10. Bf4 Re8 {[#] D34: Tarrasch Defence: 6 g3 Nf6 7 Bg2 Be7.} 11. Nxc6 $146 ({Predecessor:} 11. Ndb5 Rf8 12. Nc7 Rb8 13. N3xd5 Bd6 14. Nxf6+ Qxf6 15. Qxd6 Be6 16. Nxe6 fxe6 17. Bxc6 bxc6 18. Rac1 Rxb2 19. Be5 Qf7 20. Bxb2 {1-0 (20) Khan,J-Havrdova,L Rimavska Sobota 1992}) 11... bxc6 12. Qa4 Qb6 {The position is equal.} 13. Rac1 Bd7 14. Qc2 Rac8 15. Na4 (15. Be3 $5 {[%cal Re3b6]} Qb8 16. Bd4 $11) 15... Qa5 16. b3 Bg4 17. Rfe1 $2 (17. Qb2 $11) 17... Bh5 $2 (17... Bb4 $19 18. Kf1 c5) 18. Bd2 $11 Qc7 19. Bf4 Qa5 {aiming for ...Bb4.} 20. Nc5 Bg6 (20... Bxc5 $5 21. Qxc5 Qxa2 $15) 21. Qb2 $2 {[%mdl 8192]} (21. Qd2 $11 {and White is okay.} Qa3 22. Be3) 21... Bxc5 $19 22. Be5 (22. Bd2 $142 Qb6 23. e3) 22... Be7 23. h4 h6 24. Bf3 Bf5 25. Kg2 Be6 26. Bc3 Qb6 27. Be5 c5 28. Rc2 d4 29. Rec1 Qd8 30. Bf4 Qd7 31. Rd2 Bd5 32. Qc2 Bxf3+ 33. exf3 Qc6 {[#]} 34. Qf5 (34. Rxd4 $142 $1 {[%mdl 512]} cxd4 35. Qxc6 Rxc6 36. Rxc6) 34... Qe6 35. Qd3 Qd5 36. Re2 Bf8 37. Rce1 Rxe2 38. Rxe2 Nh5 39. Bd2 Nf6 40. Bf4 $1 c4 41. bxc4 Qxc4 42. Qf5 d3 43. Rd2 Qc3 (43... Rd8 $142 44. Bxh6 gxh6 45. Qxf6 Rd5) 44. Bxh6 $2 (44. Qxd3 Qc6 45. Be5) 44... gxh6 45. g4 Bg7 (45... Qxd2 $142 46. Qxc8 Qe1 47. Qd8 d2 48. Qd3 d1=Q 49. Qxd1 Qxd1 50. h5 Nd5 51. g5 hxg5 52. h6 Bxh6 53. a3 Nf4+ 54. Kh2 Qxf3 {[%mdl 64] Double Attack} 55. Kg1 Qg2#) 46. g5 hxg5 47. hxg5 Nh5 48. Rxd3 Qc7 {Hoping for ...Nf4+.} 49. Re3 Nf4+ 50. Kg3 Ne6+ (50... Nd5+ $142 51. Kg4 Nxe3+ 52. fxe3 Qc1 53. Qd3 Rc4+ 54. f4 Qg1+ 55. Kf3 Qh1+ 56. Kf2 {[#]} Rc2+ $1 {[%mdl 512]} 57. Qxc2 Qh2+ 58. Kf3 Qxc2 59. g6 fxg6 60. a3 Bc3 61. f5 gxf5 62. e4 Qxe4+ 63. Kg3 Bd4 64. Kh2 Qg4 65. a4 a5 66. Kh1 Qh3#) 51. Kg2 Nf4+ 52. Kg3 $1 Nd5+ {[%mdl 64] Discovered Attack} 53. Kg2 Nxe3+ 54. fxe3 Qc1 55. Kg3 Qc2 56. Qf4 Qc3 57. Kg4 Qc7 58. e4 Qd7+ 59. Kg3 Qc7 60. Kg4 $1 Qxf4+ {Black mates.} 61. Kxf4 Rc2 62. Kg4 Rxa2 63. f4 Ra4 64. e5 Ra5 65. Kf5 Kf8 66. g6 Ke7 67. gxf7 Kxf7 68. Ke4 Ra6 69. Kf5 Ke7 70. Ke4 Ra5 71. f5 Ra4+ 72. Kd5 Kf7 73. e6+ Kf6 {Accuracy: White = 29%, Black = 48%.} 0-1

[Event "Stay Safe Play From Home 379"]
[Site "Emanuel Lasker Arena"]
[Date "2020.08.13"]
[Round "9"]
[White "Lamborghini"]
[Black "MihailoVujic"]
[Result "1-0"]
[WhiteElo "2266"]
[BlackElo "2255"]
[Annotator "RC"]
[PlyCount "99"]
[EventDate "2020.08.13"]
[EventType "swiss (blitz)"]

1. e4 {[%emt 0:00:01]} e5 {[%emt 0:00:00]} 2. Nf3 {[%emt 0:00:01]} Nc6 {[%emt 0:00:00]} 3. Bb5 {[%emt 0:00:01]} f5 {[%emt 0:00:01]} 4. Nc3 {[%emt 0:00:01]} fxe4 {[%emt 0:00:01]} 5. Nxe4 {[%emt 0:00:01]} d5 {[%emt 0:00:00]} 6. Nxe5 {[%emt 0:00:01]} dxe4 {[%emt 0:00:00]} 7. Nxc6 {[%emt 0:00:01]} Qg5 {[%emt 0:00:00]} 8. Qe2 {[%emt 0:00:01]} Nf6 {[%emt 0:00:00]} 9. f4 {[%emt 0:00:03]} Qxf4 {[%emt 0:00:01]} 10. d4 {[%emt 0:00:01]} Qh4+ {[%emt 0:00:00]} 11. g3 {[%emt 0:00:02]} Qh3 {[%emt 0:00:00]} 12. Ne5+ {[%emt 0:00:00]} c6 {[%emt 0:00:00]} 13. Bc4 {[%emt 0:00:01]} Be6 {[%emt 0:00:00]} 14. Bf4 {[%emt 0:00:01]} O-O-O {[%emt 0:00:01]} 15. O-O-O {[%emt 0:00:01]} Bd6 {[%emt 0:00:00]} 16. Rhf1 {[%emt 0:00:01]} Rhe8 {[%emt 0:00:02]} 17. Nf7 {[%emt 0:00:02]} Bxf7 {[%emt 0:00:01]} 18. Bxf7 {[%emt 0:00:02]} Re7 {[%emt 0:00:01]} 19. Bb3 {[%emt 0:00:02]} Kb8 {[%emt 0:00:06]} 20. Bg5 {[%emt 0:00:01]} Rf8 {[%emt 0:00:05]} 21. Kb1 {[%emt 0:00:01]} h6 {[%emt 0:00:03]} 22. Bxf6 {[%emt 0:00:01]} Rxf6 {[%emt 0:00:00]} 23. Rxf6 {[%emt 0:00:01]} gxf6 {[%emt 0:00:00]} 24. c3 {[%emt 0:00:01]} f5 {[%emt 0:00:01]} 25. Rf1 {[%emt 0:00:02]} e3 {[%emt 0:00:03]} 26. Bc2 {[%emt 0:00:01]} f4 {[%emt 0:00:02]} 27. gxf4 {[%emt 0:00:01]} Kc7 {[%emt 0:00:03]} 28. f5 {[%emt 0:00:01]} Rf7 {[%emt 0:00:02]} 29. a3 {[%emt 0:00:02]} Rf6 {[%emt 0:00:01]} 30. Rf3 {[%emt 0:00:02]} Qg4 {[%emt 0:00:02]} 31. Qxe3 {[%emt 0:00:02]} Qg7 {[%emt 0:00:01]} 32. Ka2 {[%emt 0:00:01]} Qf7+ {[%emt 0:00:01]} 33. Bb3 {[%emt 0:00:00]} Qf8 {[%emt 0:00:01]} 34. Be6 {[%emt 0:00:01]} a5 {[%emt 0:00:01]} 35. Qe4 {[%emt 0:00:02]} Qe7 {[%emt 0:00:01]} 36. h4 {[%emt 0:00:01]} a4 {[%emt 0:00:01]} 37. Rd3 {[%emt 0:00:01]} Qg7 {[%emt 0:00:01]} 38. d5 {[%emt 0:00:01]} c5 {[%emt 0:00:01]} 39. Qxa4 {[%emt 0:00:01]} Qg1 {[%emt 0:00:02]} 40. Qd7+ {[%emt 0:00:01]} Kb8 {[%emt 0:00:01]} 41. Qxd6+ {[%emt 0:00:00]} Ka7 {[%emt 0:00:00]} 42. Qd7 {[%emt 0:00:03]} Qf1 {[%emt 0:00:02]} 43. Qa4+ {[%emt 0:00:01]} Kb6 {[%emt 0:00:01]} 44. Qb3+ {[%emt 0:00:01]} Ka7 {[%emt 0:00:01]} 45. Qc4 {[%emt 0:00:00]} b6 {[%emt 0:00:01]} 46. d6 {[%emt 0:00:01]} Qe1 {[%emt 0:00:02]} 47. d7 {[%emt 0:00:00]} Rf8 {[%emt 0:00:01]} 48. d8=Q {[%emt 0:00:01]} Rxd8 {[%emt 0:00:00]} 49. Rxd8 {[%emt 0:00:01]} Qd1 {[%emt 0:00:00]} 50. Rd7+ {[%emt 0:00:00] Time Time Time (Lag: Av=0.71s, max=2.3s) (Lag: Av=0.71s, max=2.3s) (Lag: Av=0.71s, max=2.3s)} 1-0

[Event "Stay Safe Play From Home 379"]
[Site "Emanuel Lasker Arena"]
[Date "2020.08.13"]
[Round "9"]
[White "Lazieri3"]
[Black "Broken sword"]
[Result "0-1"]
[WhiteElo "2143"]
[BlackElo "2491"]
[Annotator "TA"]
[PlyCount "66"]
[EventDate "2020.08.13"]
[EventType "swiss (blitz)"]

{[%evp 9,66,-31,-27,-58,-53,-54,-58,-137,-28,-53,-53,-110,-84,-81,-50,-102,-44,-62,-42,-204,-196,-214,-170,-204,-198,-204,-198,-194,-204,-259,-235,-370,-373,-465,-460,-499,-537,-487,-261,-278,-239,-241,-239,-315,-279,-279,-252,-381,-369,-350,-290,-672,-454,-416,-289,-533,-525,-510,-424]} 1. e4 c5 2. Nc3 e6 3. d3 a6 4. Nf3 d5 5. Bg5 {[#]} f6 $146 ({Predecessor:} 5... Be7 6. Bxe7 Nxe7 7. d4 cxd4 8. Qxd4 O-O 9. exd5 exd5 10. Bd3 Nbc6 11. Qh4 Bf5 12. O-O-O Bxd3 13. Rxd3 {0-1 (58) Sana,M (2132)-Sheng,J (2236) Orlando 2014}) 6. Bh4 {B40: Sicilian: 2...e6, Unusual lines.} d4 7. Nb1 Nc6 8. c4 ({White should try} 8. Bg3 $15) 8... dxc3 (8... Qb6 $17 9. Qc2 g5) 9. Nxc3 e5 10. Nd5 (10. Nd2 $15) 10... Be6 11. Qb3 {Black should prevent Nxf6+!} b5 12. Be2 (12. Nc7+ $1 $15 Qxc7 13. Qxe6+ Nge7 14. Be2) 12... Bf7 (12... Kf7 $17 {And now ...Nge7 would win.} 13. a4 Nge7 14. axb5 axb5 15. Rxa8 Qxa8) 13. O-O Bd6 {aiming for ...Nge7.} 14. Rac1 $2 {[#] This costs White the game.} ({Better is} 14. a4 $15) 14... Nge7 $19 15. a4 Na5 $36 {[%mdl 2048] Keeping White busy.} 16. Qc2 Nxd5 17. exd5 O-O 18. axb5 axb5 19. b4 cxb4 20. Ra1 (20. d4 $142 b3 21. Qf5) 20... Bxd5 21. Qb2 Nb3 22. Rxa8 Qxa8 23. Bd1 Nc5 (23... Qa3 $142 24. Qb1 Bc5) 24. Qxb4 Qb7 25. d4 Ne4 26. Qe1 exd4 27. Nxd4 Re8 {...Bc5 is the strong threat.} 28. Nf5 (28. f3 {might work better.} Bc4 29. Be2) 28... Bc5 29. Bf3 Qd7 30. Bxe4 $2 (30. Ne3) 30... Bxe4 31. Ne3 Bxe3 32. Qxe3 $2 {[#]} (32. fxe3 Qb7 33. Qg3) 32... Bxg2 $1 {[%mdl 576] Discovered Attack} 33. Qb3+ (33. Kxg2 Rxe3) 33... Bd5 {Accuracy: White = 29%, Black = 57%.} 0-1

[Event "Stay Safe Play From Home 379"]
[Site "Emanuel Lasker Arena"]
[Date "2020.08.13"]
[Round "9"]
[White "TheCHESSHOUSE"]
[Black "NTBT_DHS"]
[Result "0-1"]
[WhiteElo "2005"]
[BlackElo "2526"]
[Annotator "TA"]
[PlyCount "48"]
[EventDate "2020.08.13"]
[EventType "swiss (blitz)"]

{[%evp 18,48,58,54,47,-47,23,-62,-55,-143,-147,-166,-140,-247,-225,-254,-236,-393,-385,-492,-461,-658,-599,-660,-606,-707,-662,-2460,-2241,-29991,-29987,-29998,-29999]} 1. d4 Nf6 2. c4 g6 3. Nc3 Bg7 4. e4 O-O 5. Nf3 d6 6. Be2 e5 7. O-O Nc6 {[%cal Bb8c6,Bc6e7,Be7f5,Bf5e3][%mdl 32]} 8. d5 Ne7 9. Ne1 Nd7 10. Be3 f5 {E98: King's Indian: Classical Main Line: 9 Ne1.} 11. f4 {[#]} (11. f3 $14) 11... Nf6 $146 (11... fxe4 $15 12. Nxe4 Nf5) ({Predecessor:} 11... fxe4 12. fxe5 Rxf1+ 13. Bxf1 Nf5 14. Bc1 Bxe5 15. g3 Nc5 16. Nc2 Qf6 {½-½ (40) Campusano Espinosa,Z (2093)-Camacho Campusano,D (2111) Santo Domingo 2018}) 12. exf5 (12. fxe5 $11 dxe5 13. g4) 12... Nxf5 $15 {Black is slightly better.} 13. Bf2 ({White should try} 13. Bc1 $15) 13... exf4 $17 14. Nd3 g5 15. Bf3 {[#]} (15. Qd2 $17 {was necessary.}) 15... g4 $1 $19 {[%mdl 512]} 16. Bxg4 Ne3 17. Bxe3 $2 (17. Bxc8 Nxd1 18. Be6+ Kh8 19. Raxd1) 17... Bxg4 18. Qc2 fxe3 19. Nf4 (19. h3 $142 Bd7 20. Qe2) 19... Qd7 20. Rae1 Rae8 21. Nce2 Ne4 22. Nd4 Bxd4 23. Ne6 e2+ 24. Kh1 Rxf1+ {[%mdl 64] Back Rank. White did not feel at home in the position after the opening. Accuracy: White = 10%, Black = 84%.} 0-1

[Event "Stay Safe Play From Home 379"]
[Site "Emanuel Lasker Arena"]
[Date "2020.08.13"]
[Round "9"]
[White "Sfantul321"]
[Black "IceQueen"]
[Result "1-0"]
[WhiteElo "1966"]
[BlackElo "2329"]
[Annotator "NA"]
[PlyCount "99"]
[EventDate "2020.08.13"]
[EventType "swiss (blitz)"]

1. c4 {[%emt 0:00:01]} c5 {[%emt 0:00:01]} 2. Nc3 {[%emt 0:00:00]} e6 {[%emt 0:00:00]} 3. g3 {[%emt 0:00:00]} Nf6 {[%emt 0:00:00]} 4. Bg2 {[%emt 0:00:00]} d5 {[%emt 0:00:00]} 5. cxd5 {[%emt 0:00:01]} exd5 {[%emt 0:00:00]} 6. d4 {[%emt 0:00:00]} c4 {[%emt 0:00:01]} 7. e4 {[%emt 0:00:01]} Bb4 {[%emt 0:00:01]} 8. exd5 {[%emt 0:00:02]} Bxc3+ {[%emt 0:00:00]} 9. bxc3 {[%emt 0:00:01]} Nxd5 {[%emt 0:00:00]} 10. Ne2 {[%emt 0:00:00]} O-O {[%emt 0:00:01]} 11. O-O {[%emt 0:00:01]} Re8 {[%emt 0:00:01]} 12. h3 {[%emt 0:00:01]} Nc6 {[%emt 0:00:01]} 13. Ba3 {[%emt 0:00:03]} Bf5 {[%emt 0:00:01]} 14. Re1 {[%emt 0:00:02]} Be4 {[%emt 0:00:02]} 15. Rc1 {[%emt 0:00:02]} Bxg2 {[%emt 0:00:01]} 16. Kxg2 {[%emt 0:00:01]} b5 {[%emt 0:00:01]} 17. Qd2 {[%emt 0:00:01]} Qa5 {[%emt 0:00:02]} 18. Bc5 {[%emt 0:00:02]} h6 {[%emt 0:00:03]} 19. a3 {[%emt 0:00:02]} Qc7 {[%emt 0:00:03]} 20. Nf4 {[%emt 0:00:02]} Nxf4+ {[%emt 0:00:02]} 21. Qxf4 {[%emt 0:00:01]} Qxf4 {[%emt 0:00:01]} 22. gxf4 {[%emt 0:00:02]} a6 {[%emt 0:00:00]} 23. Kf3 {[%emt 0:00:02]} f6 {[%emt 0:00:01]} 24. Re3 {[%emt 0:00:01]} Kf7 {[%emt 0:00:01]} 25. Rce1 {[%emt 0:00:01]} Rxe3+ {[%emt 0:00:01]} 26. fxe3 {[%emt 0:00:01]} Na5 {[%emt 0:00:00]} 27. e4 {[%emt 0:00:01]} Nb7 {[%emt 0:00:02]} 28. Bb6 {[%emt 0:00:01]} Rc8 {[%emt 0:00:03]} 29. e5 {[%emt 0:00:01]} Rc6 {[%emt 0:00:02]} 30. Ba7 {[%emt 0:00:03]} Rc7 {[%emt 0:00:05]} 31. d5 {[%emt 0:00:02]} fxe5 {[%emt 0:00:07]} 32. fxe5 {[%emt 0:00:01]} Ke8 {[%emt 0:00:00]} 33. d6 {[%emt 0:00:01]} Rf7+ {[%emt 0:00:01]} 34. Ke4 {[%emt 0:00:01]} Kd7 {[%emt 0:00:02]} 35. Kd5 {[%emt 0:00:01]} Rf5 {[%emt 0:00:00]} 36. Bd4 {[%emt 0:00:03]} Nxd6 {[%emt 0:00:01]} 37. Rg1 {[%emt 0:00:01]} Rg5 {[%emt 0:00:01]} 38. Rxg5 {[%emt 0:00:01]} hxg5 {[%emt 0:00:00]} 39. exd6 {[%emt 0:00:00]} g6 {[%emt 0:00:01]} 40. Be5 {[%emt 0:00:02]} a5 {[%emt 0:00:01]} 41. Bd4 {[%emt 0:00:01]} b4 {[%emt 0:00:02]} 42. cxb4 {[%emt 0:00:01]} axb4 {[%emt 0:00:02]} 43. axb4 {[%emt 0:00:01]} g4 {[%emt 0:00:00]} 44. hxg4 {[%emt 0:00:01]} Kc8 {[%emt 0:00:00]} 45. Kc6 {[%emt 0:00:01]} c3 {[%emt 0:00:01]} 46. Bxc3 {[%emt 0:00:01]} Kd8 {[%emt 0:00:01]} 47. Bf6+ {[%emt 0:00:01]} Ke8 {[%emt 0:00:00]} 48. d7+ {[%emt 0:00:00]} Kf7 {[%emt 0:00:00]} 49. d8=Q {[%emt 0:00:00]} Ke6 {[%emt 0:00:01]} 50. Qe7# {[%emt 0:00:01] (Lag: Av=0.33s, max=1.0s) (Lag: Av=0.33s, max=1.0s) (Lag: Av=0.33s, max=1.0s)} 1-0